| 000 | 00638nam a22002297a 4500 | ||
|---|---|---|---|
| 003 | OSt | ||
| 005 | 20140310182001.0 | ||
| 008 | 130729t xxu||||| |||| 00| 0 eng d | ||
| 020 | _a0590847651 | ||
| 050 |
_aPZ 7 _b.St859 1996 |
||
| 082 |
_aKF _bSt5gg #8 |
||
| 100 |
_aStine, R.L. _93762 |
||
| 245 |
_aThe Curse of the creeping coffin / _cR.L. Stine. |
||
| 260 |
_aNew York : _bScholastic, _cc1996. |
||
| 300 |
_a132 p. _c19 cm. |
||
| 541 | _j1 | ||
| 562 | _e1 | ||
| 650 |
_aGhosts _xFiction _95082 |
||
| 650 |
_aHorror stories. _93825 |
||
| 650 |
_aStine, R.L. Give yourself Goosebumps _95083 |
||
| 942 |
_2lcc _cBK-KF _kKF |
||
| 999 |
_c8001 _d8001 |
||